Boundary elements in fluid dynamics

Saved in:
Bibliographic Details
Other Authors: Brebbia, C. A. (Editor), Partridge, P. W. (Editor)
Format: Book
Language:English
Published: Southampton : Computational Mechanics, 1992
Subjects:
Tags: Add Tag
No Tags, Be the first to tag this record!

MARC

LEADER 00000cam a2200000 i 4500
001 1/6398
008 960703s1992 eng d
020 |a 1-85166-780-6 
035 |l 10016339 
040 |a GR-MY-UA  |b gre  |e aacr 
041 0 |a eng 
082 0 |a 620.1064 
245 1 0 |a Boundary elements in fluid dynamics /  |c Editors C. A. Brebbia, P. W. Partridge 
260 |a Southampton :   |b Computational Mechanics,   |c 1992 
300 |a [9], 261 p.;  |b ill.;  |c 24 cm 
504 |a Includes bibliographical references and index 
650 0 0 |a Fluid dynamics  |x Congresses. 
650 0 0 |a Boundary element methods  |x Congresses. 
700 1 |a Brebbia, C. A.  |4 edt 
700 1 |a Partridge, P. W.  |4 edt 
852 |a INST  |b LESVOS  |e 19960703  |h 620.1064 BOU  |p 005100006520  |q 005100006520  |t BK  |y 0 
909 |a Λ  |b 034035